00419nam a22001577a 450000500170000001000130001702000260003003500130005603700090006908200120007810000200009024500680011026000230017827000400020130000200024120250103121814.0 aB-761546 a9789380203072c495.00 aB-761546 bGift a393.803 aKartikya, Robin aAmazing History and Origin of Nursery Rhymes /cRobin Kartikeya aDelhibSaroj Books aL-5/45, Kartar NagarbDelhie110053 a167p.c22cm(Hb)